01502nam a2200313 a 450000100100000000500170001000800410002704000250006808200160009310000420010924500670015126000360021830000280025450002550028250000640053750400560060150400330065759000260069065000370071665000410075365000330079465000330082765000220086065000170088291000380089995201140093795201200105199900170117100002248420200930021633.0101012s1986 dr a 001 0 spa d aDO-SdBNPbspacBNPHU a241.3bO77c1 aOrtiz, Víctor Raúl,d1959-94632810aConcepto del pecado en los jóvenes /cVíctor Raúl Ortiz. aSanto Domingo :bTaller,c1986. a271 p. :bil. ;c23 cm. aDisertación presentada con el título "La noción del pecado en la formación de nuestros jóvenes", para el grado de Maestro en Artes en Teología Moral del Seminaio Regional San Vicente de Paul, Escuela de Teología, Boynton Beach, Florida. aIncluye datos biográficos del autor en la contracubierta. aIncluye bibliografía y notas al pie de páginas. aBibliografía : p. 251-264. aInventariado, 2018/BT 4aJuventudxConducta de vida97694 4aÉtica sexual para jóvenes946329 4aDirección espiritual96470 4aFormación espiritual96471 4aTentación92190 4aPecado96578 aValidado. Control de calidad. EMS 0010718PDaPDbPDcHDd2010-10-12iLF1l0o241.3 O77cp22484-10r2020-06-25w2020-06-25yLFPDZNo se presta 0010718PDaPDbPDcHDd2014-03-13iLF1l0o241.3 O77cp22484-20r2020-06-25te. 2w2020-06-25yLFPDZNo se presta c21982d21982